Statistics for California Cities With Passenger Airports

Click here to take the quiz!

General Stats

  • This quiz has been taken 124 times
  • The average score is 17 of 25

Answer Stats

HintAnswer% Correct
LAXLos Angeles
100%
OAKOakland
100%
SFOSan Francisco
100%
SANSan Diego
98%
SJCSan Jose
95%
SNASanta Ana
93%
SMFSacramento
92%
FATFresno
91%
ONTOntario
90%
LGBLong Beach
89%
BURBurbank
84%
SBASanta Barbara
81%
BFLBakersfield
78%
SCKStockton
72%
RDDRedding
70%
PSPPalm Springs
69%
SBPSan Luis Obispo
63%
STSSanta Rosa
58%
MRYMonterry
55%
SMXSanta Maria
45%
MMHMammoth Lakes
31%
CLDCarlsbad
20%
CECCrescent City
19%
IPLImperial
19%
ACVArcata
18%

Score Distribution

Percentile by Number Answered

Percent of People with Each Score

Your Score History

You have not taken this quiz